Устройства уплотнительные фторопластовые с гофрированными пружинами для поршней. Конструкция и размеры; ГОСТ 23817-79 Устройства уплотнительные фторопластовые с гофрированными пружинами для поршней. Конструкция и размеры; ГОСТ 23818-79 Устройства уплотнительные фторопластовые с гофрированными пружинами для поршней. Посадочные места. Конструкция и размеры; ГОСТ 23819-79 Устройства уплотнительные фторопластовые с гофрированными пружинами для поршней. Пружины гофрированные. Конструкция и размеры; ГОСТ 23820-79 Устройства уплотнительные фторопластовые с гофрированными пружинами для поршней. Коьца фторопластовые. Конструкция и размеры; ГОСТ 23821-79 Устройства уплотнительные фторопластовые с гофрированными пружинами для поршней. Штифты. Конструкция и размеры

Bibliographische Detailangaben
Körperschaft: СССР Государственный комитет по стандартам (Госстандарт)
Sprache:Russisch
Veröffentlicht: Москва, Изд-во стандартов, 1981
Ausgabe:Изд. офиц.
TOC:ГОСТ 23817-79 Устройства уплотнительные фторопластовые с гофрированными пружинами для поршней. Конструкция и размеры;
ГОСТ 23818-79 Устройства уплотнительные фторопластовые с гофрированными пружинами для поршней. Посадочные места. Конструкция и размеры;
ГОСТ 23819-79 Устройства уплотнительные фторопластовые с гофрированными пружинами для поршней. Пружины гофрированные. Конструкция и размеры;
ГОСТ 23820-79 Устройства уплотнительные фторопластовые с гофрированными пружинами для поршней. Коьца фторопластовые. Конструкция и размеры;
ГОСТ 23821-79 Устройства уплотнительные фторопластовые с гофрированными пружинами для поршней. Штифты. Конструкция и размеры;
Schriftenreihe:Государственные стандарты
Schlagworte:
Format: MixedMaterials Buch
KOHA link:https://koha.lib.tpu.ru/cgi-bin/koha/opac-detail.pl?biblionumber=158087

MARC

LEADER 00000nam0a2200000 4500
001 158087
005 20231031154233.0
035 |a (RuTPU)RU\TPU\book\171466 
035 |a RU\TPU\book\171463 
090 |a 158087 
100 |a 20090417d1981 km y0rusy50 ca 
101 0 |a rus 
102 |a RU 
105 |a a l 000zy 
200 1 |a Устройства уплотнительные фторопластовые с гофрированными пружинами для поршней. Конструкция и размеры 
205 |a Изд. офиц. 
210 |a Москва  |c Изд-во стандартов  |d 1981 
215 |a 13 с.  |c ил. 
225 1 |a Государственные стандарты 
464 |t ГОСТ 23817-79 Устройства уплотнительные фторопластовые с гофрированными пружинами для поршней. Конструкция и размеры 
464 |t ГОСТ 23818-79 Устройства уплотнительные фторопластовые с гофрированными пружинами для поршней. Посадочные места. Конструкция и размеры 
464 |t ГОСТ 23819-79 Устройства уплотнительные фторопластовые с гофрированными пружинами для поршней. Пружины гофрированные. Конструкция и размеры 
464 |t ГОСТ 23820-79 Устройства уплотнительные фторопластовые с гофрированными пружинами для поршней. Коьца фторопластовые. Конструкция и размеры 
464 |t ГОСТ 23821-79 Устройства уплотнительные фторопластовые с гофрированными пружинами для поршней. Штифты. Конструкция и размеры 
610 1 |a стандарты 
610 1 |a ГОСТы 
610 1 |a уплотнительные устройства 
610 1 |a гофрированные пружины 
610 1 |a поршни 
610 1 |a пружины 
610 1 |a кольца 
610 1 |a штифты 
610 1 |a конструкция 
610 1 |a размеры 
712 0 1 |a СССР  |b Государственный комитет по стандартам (Госстандарт)  |c (1978-1989)  |2 stltpush  |3 (RuTPU)RU\TPU\col\12454 
801 2 |a RU  |b 63413507  |c 20221208  |g PSBO 
942 |c BK